|
|
|
|
| LEADER |
02051nam a2200409 i 4500 |
| 001 |
132542 |
| 003 |
BD-DhAAL |
| 005 |
20190430170211.0 |
| 008 |
190430t2011 bg a b 000 0 beno |
| 999 |
|
|
|c 40751
|d 40751
|
| 010 |
|
|
|a 2012324086
|
| 025 |
|
|
|a B-B-2012-324086; 22-90
|
| 037 |
|
|
|b Library of Congress -- New Delhi Overseas Office
|
| 040 |
|
|
|a DLC
|b eng
|c DLC
|e rda
|d DLC
|d BD-DhAAL
|
| 042 |
|
|
|a lcode
|a pcc
|
| 043 |
|
|
|a a-bg---
|
| 050 |
0 |
0 |
|a P94.5.W652
|b B3658 2011
|
| 082 |
|
|
|a 954.923
|
| 100 |
1 |
|
|a খোন্দকার, শাহিদা ইসলাম
|9 31478
|
| 245 |
1 |
0 |
|a পাহাড়ি মিডিয়া :
|b বাস্তবতা এবং আত্ননির্মাণ /
|c শাহিদা ইসলাম খোন্দকার এবং আনমনা প্রিয়দর্শিনী
|
| 264 |
|
1 |
|a ঢাকা :
|b BRAC Development Institute (BDI),
|c ২০১১
|
| 300 |
|
|
|a vi, ৩৩ পৃষ্ঠা :
|b চিত্র ;
|c ২৫ সে. মি.
|
| 490 |
0 |
|
|a Working paper,
|x 2223-0114 ;
|v no. 4
|
| 504 |
|
|
|a Includes bibliographical references (page 28).
|
| 520 |
|
|
|a Study on the role and importance of mass media in the life of women in Chittagong Hill Tracts region of Bangladesh, based on Pathways of Women's Empowerment Programme.
|
| 526 |
|
|
|a AAL
|
| 541 |
|
|
|a Complementary copy
|e 32542
|
| 546 |
|
|
|a In Bengali.
|
| 650 |
|
0 |
|a Mass media and women
|z Bangladesh
|z Chittagong Hill Tracts (Region)
|9 31479
|
| 650 |
|
0 |
|a Mass media and women.
|9 31480
|
| 651 |
|
|
|a Bangladesh
|z Chittagong Hill Tracts (Region)
|9 31481
|
| 700 |
1 |
|
|a প্রিয়দর্শিনী, আনমনা
|e author.
|9 31482
|
| 710 |
2 |
|
|a BRAC University.
|b Development Institute.
|9 31483
|
| 710 |
2 |
|
|a Pathways of Women's Empowerment Programme.
|9 31484
|
| 852 |
|
|
|a Ayesha Abed Library
|c General Stacks
|
| 942 |
|
|
|2 ddc
|c BK
|
| 952 |
|
|
|0 0
|1 0
|2 ddc
|4 0
|6 954_923000000000000_KHA
|7 0
|9 65452
|a BRACUL
|b BRACUL
|c GEN
|d 2019-04-30
|e Complimentary Copy
|l 0
|o 954.923 KHA
|p 3010032542
|r 2019-04-30
|t 1
|w 2019-04-30
|y BK
|